000 00643nam a2200145Ia 4500
008 090122s9999 xx 000 0 und d
082 _b4031
_aL : 54 (M)
100 _a"गाला,"
_bडॉ
_c"धीरेन,"
245 _aमधुमेह व उच्च रक्तदाब दूर ठेेवा जन्मभर
600 _a"गाला,"
630 _aमधुमेह व उच्च रक्तदाब दूर ठेेवा जन्मभर
700 _a"गाला,"
730 _aमधुमेह व उच्च रक्तदाब दूर ठेेवा जन्मभर
942 _cBOOK
999 _c28109
_d28109